000 00313nam a22001217a 4500
003 OSt
005 20260205111116.0
008 260205b |||||||| |||| 00| 0 eng d
040 _cfms
100 _aStevenson(W.J)
_91113810
245 _aIntroduction to management Science With sprreadsheets
942 _2CC
_cTB
_n0
999 _c1678691
_d1678691